Mahatma Gandhi (Record no. 171665)

MARC details
000 -LEADER
fixed length control field 00668nam a2200241Ia 4500
003 - CONTROL NUMBER IDENTIFIER
control field OSt
005 - DATE AND TIME OF LATEST TRANSACTION
control field 20250804190759.0
008 - FIXED-LENGTH DATA ELEMENTS--GENERAL INFORMATION
fixed length control field 210423s1999 xx 000 0 und d
020 ## - INTERNATIONAL STANDARD BOOK NUMBER
International Standard Book Number 81-7594-035-2
040 ## - CATALOGING SOURCE
Transcribing agency AL
041 ## - LANGUAGE CODE
Language code of text/sound track or separate title English
082 ## - DEWEY DECIMAL CLASSIFICATION NUMBER
Classification number 320
Item number KUMM
100 ## - MAIN ENTRY--PERSONAL NAME
Personal name Raj Kumar
9 (RLIN) 101299
245 ## - TITLE STATEMENT
Title Mahatma Gandhi
Remainder of title : life, ideology and thoughts
260 ## - PUBLICATION, DISTRIBUTION, ETC.
Place of publication, distribution, etc. New Delhi
Name of publisher, distributor, etc. Mangal Deep Publications
Date of publication, distribution, etc. 1999
300 ## - PHYSICAL DESCRIPTION
Extent v,151
365 ## - TRADE PRICE
Price amount 295
Currency code INR
650 ## - SUBJECT ADDED ENTRY--TOPICAL TERM
Topical term or geographic name entry element Political Science
9 (RLIN) 101300
650 ## - SUBJECT ADDED ENTRY--TOPICAL TERM
Topical term or geographic name entry element Political Science
9 (RLIN) 101300
700 ## - ADDED ENTRY--PERSONAL NAME
Personal name Kumar, Vijendra
9 (RLIN) 233827
906 ## - LOCAL DATA ELEMENT F, LDF (RLIN)
a Gandhi: ; ideology ; life, ; Mahatma ; thoughts
942 ## - ADDED ENTRY ELEMENTS (KOHA)
Source of classification or shelving scheme Dewey Decimal Classification
Koha item type Book
Holdings
Withdrawn status Lost status Damaged status Not for loan Collection code Home library Current library Date acquired Source of acquisition Cost, normal purchase price Total Checkouts Full call number Barcode Date last seen Price effective from Koha item type
        MSW St Aloysius PG Library St Aloysius PG Library 08/06/2001 Book World 295.00   320 KUMM PG018184 08/24/2022 04/26/2021 Book